000 00902nas a2200313 4500
001 BR2012006507
003 BR-BrBNA
005 20231205121056.0
007 ta
008 230509b bl.|||p| |||| 00| 00por d
040 _aBR-BrBNA
_bpor
_cBiblioteca Nacional de Agricultura
041 _a(En)
072 _aH60
100 1 _aAraújo, F.C.
100 1 _aRonchi, C.P.
100 1 _aAlmeida, W.L.
100 1 _aSilva, M.A.A.
100 1 _aMagalhães, C.E.O.
100 1 _aGood-God, P.I.V.
245 1 _aOptimizing the width of strip weeding in arabica coffee in relation to crop age
650 _aCAFÉ
650 _aPLANTIO
650 _aMANEJO
650 _aERVA DANINHA
650 _aCAPIM BRACHIARIA
773 0 _tPlanta Daninha (Brazil)
_xISSN 0100-8358
_g(Jan-Mar 2012), v. 30(1) p. 129-138
_wBR2012006507
909 _a202311
_bLúcia
_c55
_dLúcia Elande
942 _2AGRIS
_n0
_cANA
999 _c221721
_d221721